000 00436nam a2200181Ia 4500
001 20873
005 20260306172837.0
008 260306t1972||||xx |||||||||||||| ||spa||
041 _aESP
082 _a343.8
_bM61
100 _aMinisterio de Hacienda
_eAUT
245 0 _aEl impuesto sobre el patrimonio neto
260 _c1972
300 _a505 páginas :
_c18 cm.
650 _aGEN
654 _aCCO
942 _cLIB
_dJUS
_fJUS
_2ddc
_n
999 _c20873
_d20873